Năng lượng mới số 61
Nội dung số này trình bày: PETROVIETNAM trao ủng hộ 50 tỉ đồng cho vắc-xin phòng covid-19; hội thảo"chiến lược phát triển tập đoàn dầu khí việt nam đến năm 2030, tầm nhìn đến năm 2045"; hành trình nhập 80 triệu tấn dầu thô của BSR; tu...
Gespeichert in:
| Format: | Buch |
|---|---|
| Sprache: | Vietnamese |
| Veröffentlicht: |
H.
Hội dầu khí Việt Nam
2021
|
| Schlagworte: | |
| Tags: |
Tag hinzufügen
Keine Tags, Fügen Sie den ersten Tag hinzu!
|
| Thư viện lưu trữ: | Thư viện Trường Đại học Nam Cần Thơ |
|---|
| LEADER | 01361nam a22002177a 4500 | ||
|---|---|---|---|
| 001 | NCT_113636 | ||
| 008 | 220304b xxu||||| |||| 00| 0 vie d | ||
| 999 | |c 5787 |d 5787 | ||
| 041 | 0 | |a vie | |
| 082 | 0 | 4 | |2 23rd ed. |a 333.79 |b N116L |
| 245 | 0 | 0 | |a Năng lượng mới |n số 61 |c Hội dầu khí Việt Nam |
| 260 | |a H. |b Hội dầu khí Việt Nam |c 2021 | ||
| 300 | |c 28cm | ||
| 310 | |a Phát hành thứ ba hàng tuần | ||
| 362 | |a 01/06/2021 | ||
| 520 | 3 | |a Nội dung số này trình bày: PETROVIETNAM trao ủng hộ 50 tỉ đồng cho vắc-xin phòng covid-19; hội thảo"chiến lược phát triển tập đoàn dầu khí việt nam đến năm 2030, tầm nhìn đến năm 2045"; hành trình nhập 80 triệu tấn dầu thô của BSR; từ học việc vương lên tầm chuyên gia; khoa học và công nghệ dầu khí đổi mới sáng tạo, phát huy nội lực; thử thách lớn với giàn trường trên biển | |
| 653 | |a Công nghệ kỹ thuật ô tô | ||
| 655 | |a Tạp chí | ||
| 942 | |2 ddc |c CR | ||
| 952 | |0 0 |1 0 |2 ddc |4 0 |6 333_790000000000000_N116L |7 0 |9 23296 |a 000001 |b 000001 |d 2022-04-26 |o 333.79 N116L |r 2022-04-26 |w 2022-04-26 |y CR | ||
| 980 | |a Thư viện Trường Đại học Nam Cần Thơ | ||